Countries bordering the Schengen Area - Statistics

General Stats
  • This quiz has been taken 84 times
    31 since last reset
  • The average score is 12 of 13
Answer Stats
Answer % Correct
Albania
100%
Belarus
100%
Russia
100%
North Macedonia
96%
Ukraine
96%
United Kingdom
96%
Bosnia and Herzegovina
92%
Moldova
92%
Montenegro
92%
Serbia
88%
Turkey
88%
Andorra
73%
Morocco
73%
No matching quizzes found
Score Distribution
Percent of People with Each Score
Percentile by Number Answered
Your Score History
You have not taken this quiz since the last reset